Informačné zprávy vlastivedného krúžku pri Okresnom dome osvety v Hlohovci

Bibliographic Details
New Title:Informačné zprávy vlastivedného krúžku pri múzeu v Hlohovci
Format: Journal
Language:Slovak
PhysicalDescription:3 zv. 21 cm
Published: Hlohovec Okresný vlastivedný krúžok pri Okresnom dome osvety v Hlohovci 1957-1959
Subjects:

MARC

LEADER 00000cas a22000004a 4500
001 vtls010301382
003 SK-MaSNL
005 20260228162937.0
008 110810d19571959xo mr p 0 b0slo
040 |a SNK  |b slo  |c SNK  |e AACR2 
041 0 |a slo 
044 |a xo  |c SK 
072 7 |a 9  |x Geografia. Biografické štúdie. Dejiny  |2 konspekt 
080 |a (036)  |2 2011 
080 |a 908  |2 2011 
245 0 0 |a Informačné zprávy vlastivedného krúžku pri Okresnom dome osvety v Hlohovci 
260 |a Hlohovec  |b Okresný vlastivedný krúžok pri Okresnom dome osvety v Hlohovci  |c 1957-1959 
300 |a 3 zv.  |c 21 cm 
310 |a 1x mesačne  |b 1959 
321 |a Periodicita sa nedá určiť  |b 1957-1958 
362 0 |a Č. 1 (aug. 1957)-č. 8-12 (dec. 1959) 
650 0 7 |a vlastiveda  |2 SNKPH  |9 3887 
655 7 |a informačné publikácie  |2 SNKPH  |9 70181 
785 0 0 |t Informačné zprávy vlastivedného krúžku pri múzeu v Hlohovci  |w vtls010479475 
910 |a snmk 
910 |a snk 
999 |c 8611  |d 10541 
952 |0 0  |1 0  |4 0  |7 0  |a SNK  |b SNK  |d 2021-04-07  |i snkČSP 198/58  |l 0  |o snkČSB 1237/1957 D1  |p 17A1347642  |r 2026-02-21 19:59:31  |t č. 1-5  |w 2026-02-21  |y PREZ 
952 |0 0  |1 0  |4 0  |7 0  |a SNK  |b SNK  |d 2021-04-07  |i snkČSP 1044/60  |l 0  |o snkČSB 1237/1958 D1  |p 17A1347641  |r 2026-02-21 19:59:31  |t č. 1-4  |w 2026-02-21  |y PREZ 
952 |0 0  |1 0  |4 0  |7 0  |a SNK  |b SNK  |d 2021-04-07  |i snkČSP 1248/61  |l 0  |o snkČSB 1237/1959 D1  |p 17A1347640  |r 2026-02-21 19:59:31  |t č. 1-12  |w 2026-02-21  |y PREZ